Conferencias sobre la filosofía política de Kant

Compuesto de un conjunto de escritos que Arendt utilizó en un ciclo de conferencias bajo el mismo tema, donde la obra kantiana de principal reflexión es la Crítica del juicio. En esta época la autora estaba preparando su última gran obra filosófica intitulada: La vida del espíritu; compuesta en tres...

Description complète

Enregistré dans:
Détails bibliographiques
Auteur principal: Arendt, Hannah
Format: Livre
Langue:Undetermined
Publié: Barcelona, España Paidós 2003
Sujets:
Tags: Ajouter un tag
Pas de tags, Soyez le premier à ajouter un tag!

MARC

LEADER 00000nam a2200000Ia 4500
008 170316s9999 xx 000 0 und d
040 |a cru BVZT 
090 |a 100 A-34.1c 
100 |a Arendt, Hannah 
245 |a Conferencias sobre la filosofía política de Kant 
260 |a Barcelona, España 
260 |b Paidós 
260 |c 2003 
300 |a 270 páginas 
520 |a Compuesto de un conjunto de escritos que Arendt utilizó en un ciclo de conferencias bajo el mismo tema, donde la obra kantiana de principal reflexión es la Crítica del juicio. En esta época la autora estaba preparando su última gran obra filosófica intitulada: La vida del espíritu; compuesta en tres volúmenes de los que lamentablemente solo pudo escribir dos. Por la estructura y título de su obra, se sugiere que Arendt concibió esta última obra suya muy en paralelo a las tres críticas kantianas (de la razón pura, de la razón práctica y del juicio). En efecto, el presente texto representa la aproximación de La vida del espíritu a la Crítica del juicio y el cierre de la “trilogía”. Por tanto, el tema central se encuentra en la relación de la “capacidad de juzgar” (teoría del juicio), en relación con la organización política, pero además contiene un texto sobre el problema kantiano de la imaginación, uno de los tópicos más influyentes en el idealismo alemán. 
650 |a FILOSOFÍA  |9 5 
650 |a HANNAH ARENDT 
650 |a EL PENSAMIENTO 
650 |a KANT - FILOSOFÍA POLÍTICA 
650 |a IMAGINACIÓN 
999 |c 15532  |d 15532 
942 |c SALA  |h 100 A-34.1c  |2 z